56_中国地方の市町村(ひらがな対応・五十音順) - Statistics

General Stats
  • This quiz has been taken 34 times
  • The average score is 88 of 107
Answer Stats
種類 都道府県名 市町村名 % Correct
山口県 岩国市
100%
岡山県 岡山市
100%
広島県 尾道市
100%
広島県 呉市
100%
山口県 下関市
100%
鳥取県 鳥取市
100%
広島県 東広島市
100%
広島県 広島市
100%
島根県 松江市
100%
山口県 山口市
100%
広島県 安芸太田町
93%
広島県 安芸高田市
93%
山口県 阿武町
93%
島根県 出雲市
93%
山口県 宇部市
93%
広島県 江田島市
93%
広島県 大竹市
93%
島根県 隠岐の島町
93%
広島県 海田町
93%
山口県 上関町
93%
広島県 北広島町
93%
岡山県 倉敷市
93%
鳥取県 倉吉市
93%
鳥取県 境港市
93%
広島県 坂町
93%
山口県 山陽小野田市
93%
山口県 周南市
93%
広島県 庄原市
93%
岡山県 瀬戸内市
93%
岡山県 総社市
93%
広島県 竹原市
93%
山口県 長門市
93%
広島県 廿日市市
93%
島根県 浜田市
93%
広島県 福山市
93%
広島県 府中市
93%
広島県 府中町
93%
山口県 防府市
93%
島根県 益田市
93%
山口県 美祢市
93%
広島県 三原市
93%
広島県 三次市
93%
山口県 柳井市
93%
島根県 海士町
86%
島根県 雲南市
86%
広島県 大崎上島町
86%
島根県 大田市
86%
島根県 奥出雲町
86%
島根県 江津市
86%
山口県 周防大島町
86%
岡山県 高梁市
86%
岡山県 玉野市
86%
岡山県 津山市
86%
島根県 津和野町
86%
岡山県 新見市
86%
山口県 萩市
86%
岡山県 備前市
86%
岡山県 美作市
86%
島根県 安来市
86%
山口県 和木町
86%
岡山県 和気町
86%
岡山県 赤磐市
79%
岡山県 浅口市
79%
岡山県 吉備中央町
79%
山口県 下松市
79%
広島県 世羅町
79%
鳥取県 大山町
79%
山口県 田布施町
79%
鳥取県 智頭町
79%
山口県 光市
79%
山口県 平生町
79%
鳥取県 伯耆町
79%
鳥取県 八頭町
79%
岡山県 井原市
71%
島根県 邑南町
71%
岡山県 笠岡市
71%
広島県 熊野町
71%
岡山県 久米南町
71%
鳥取県 琴浦町
71%
岡山県 新庄村
71%
広島県 神石高原町
71%
島根県 知夫村
71%
鳥取県 日南町
71%
岡山県 早島町
71%
鳥取県 日吉津村
71%
鳥取県 日野町
71%
岡山県 真庭市
71%
鳥取県 湯梨浜町
71%
鳥取県 米子市
71%
鳥取県 若桜町
71%
島根県 飯南町
64%
鳥取県 岩美町
64%
岡山県 鏡野町
64%
鳥取県 江府町
64%
岡山県 里庄町
64%
岡山県 勝央町
64%
岡山県 奈義町
64%
岡山県 西粟倉村
64%
島根県 西ノ島町
64%
鳥取県 北栄町
64%
岡山県 美咲町
64%
鳥取県 三朝町
64%
島根県 吉賀町
57%
島根県 川本町
50%
鳥取県 南部町
43%
島根県 美郷町
43%
岡山県 矢掛町
43%
No matching quizzes found
Score Distribution
Percent of People with Each Score
Percentile by Number Answered
Your Score History
You have not taken this quiz